000 00515nam a2200181Ia 4500
008 230711s9999||||xx |||||||||||||| ||und||
020 _a978-93-272-1565-6
041 _aENG
082 _a659.1
_bSA-A
100 _aSahni,N.K
245 0 _aAdvertising Management : Text and Cases
_bFor MBA Course and For Other Indian Universities
250 _a1st Ed.
260 _c2011
_aNew Delhi
_bKalyani Publishers House
300 _a17.19p.
650 _aUNIVESITY BUSNIESS SCHOOL
700 _aGupta,Meenu
942 _cBK
999 _c6789
_d6789